000 00417caa a22001812a 4500
001 000448
003 AR-FADEU
008 311216n############xxu####################dd
092 _aPP(362.6)SES
100 _aJuarez, Milagros
245 _bCompañia y afecto gratuitos
245 _asesenta y más
300 _a40-42
440 _n118
260 _cfeb 1995
650 _aSALUD-TERCERA EDAD
942 _cPPGR
999 _c3226
_d3226